Premier League players 2006/07 - Statistics

General Stats
  • This quiz has been taken 5 times
  • The average score is 193 of 534
Answer Stats
Rank Player Positions Nationality Matches Goals Assists Clubs % Correct
60 Cristiano Ronaldo MF, FW 34 17 8
100%
57 Wayne Rooney MF, FW 35 14 11
100%
362 Adam Johnson MF 12 0 1
80%
498 Alan Wright DF 1 0 0
80%
501 Anderson Silva MF 1 0 0
80%
92 Andrew Johnson FW 32 11 2
80%
282 Andy Cole FW 18 3 1
80%
108 Anton Ferdinand DF 31 0 1
80%
211 Ashley Cole DF 23 0 2
80%
297 Carlton Cole FW 17 2 1
80%
244 Claude Davis DF 21 0 0
80%
213 Collins John FW 23 1 0
80%
4 David James GK 38 0 0
80%
367 David Wright DF 12 0 0
80%
97 Edwin van der Sar GK 32 0 0
80%
464 Gareth Williams MF 3 0 0
80%
200 Gary Neville DF 24 0 3
80%
65 Gilberto Silva DF, MF 34 10 2
80%
174 Glen Johnson DF 26 0 2
80%
43 James Milner DF, MF 35 3 5
80%
44 Jamie Carragher DF, MF 35 1 0
80%
350 Joe Cole MF 13 0 0
80%
516 Joe Hart GK 1 0 0
80%
45 Kolo Touré DF 35 3 2
80%
371 Michael Ball DF 12 0 0
80%
395 Michael Johnson MF 10 0 2
80%
48 Mikel Arteta MF 35 9 9
80%
49 Nicolas Anelka FW 35 11 5
80%
205 Patrice Evra DF 24 1 2
80%
495 Paul Gerrard GK 2 0 0
80%
130 Paul Scholes MF 30 6 1
80%
53 Phil Neville DF, MF 35 1 5
80%
190 Ricardo Vaz Tê MF, FW 25 0 0
80%
530 Richard Wright GK 1 0 0
80%
88 Rio Ferdinand DF 33 1 0
80%
321 Robbie Fowler FW 16 3 2
80%
164 Robbie Keane FW 27 11 2
80%
178 Robert Green GK 26 0 0
80%
131 Ryan Giggs MF, FW 30 4 7
80%
220 Sami Hyypiä DF 23 2 1
80%
120 Sean Davis MF 31 0 5
80%
223 Stephen Carr DF 23 0 0
80%
155 Steven Davis MF 28 0 1
80%
34 Steven Gerrard MF 36 7 2
80%
306 Thierry Henry FW 17 10 4
80%
107 Xabi Alonso MF 32 4 1
80%
168 Aaron Lennon MF, FW 26 3 7
60%
361 Abou Diaby MF 12 1 0
60%
399 Alan Smith MF, FW 9 0 1
60%
73 Alexander Hleb MF 33 2 4
60%
334 Andreas Isaksson GK 14 0 0
60%
210 Andrew Davies DF 23 0 0
60%
121 Andriy Shevchenko FW 30 4 6
60%
109 Antti Niemi GK 31 0 0
60%
243 Arjen Robben MF, FW 21 2 4
60%
134 Ben Foster GK 29 0 0
60%
24 Benni McCarthy FW 36 18 0
60%
312 Boudewijn Zenden DF, FW 16 0 1
60%
1 Brad Friedel GK 38 0 0
60%
478 Brad Jones GK 2 0 0
60%
170 Carlos Tevez MF, FW 26 7 3
60%
505 César Martín DF 1 0 0
60%
3 Cesc Fàbregas MF, FW 38 2 11
60%
171 Chris Kirkland GK 26 0 2
60%
135 Claude Makélélé MF 29 1 0
60%
387 Clint Dempsey MF, FW 10 1 0
60%
159 Craig Bellamy FW 27 7 2
60%
228 Damien Duff MF, FW 22 1 1
60%
96 Darren Bent FW 32 13 1
60%
196 Darren Fletcher MF 24 3 1
60%
379 David Dunn MF 11 0 0
60%
388 Denílson MF 10 0 1
60%
26 Didier Drogba FW 36 20 4
60%
111 Didier Zokora MF 31 0 0
60%
314 Dietmar Hamann MF 16 0 1
60%
76 Dimitar Berbatov FW 33 12 9
60%
136 Emmanuel Adebayor FW 29 8 3
60%
197 Emmanuel Eboué DF, MF 24 0 4
60%
285 Freddie Ljungberg MF, FW 18 0 0
60%
161 Gaël Clichy DF 27 0 0
60%
264 Gary Cahill DF 20 0 0
60%
6 Gary Speed MF 38 8 3
60%
230 George McCartney DF 22 0 2
60%
27 Georgios Samaras MF, FW 36 4 6
60%
275 Geremi DF, MF 19 1 1
60%
485 Harry Kewell MF, FW 2 1 0
60%
286 Henrik Pedersen FW 18 1 2
60%
317 James Collins DF 16 0 0
60%
150 James Morrison MF, FW 28 2 2
60%
515 Jason Brown GK 1 0 0
60%
287 Jason Roberts FW 18 4 1
60%
370 Javier Mascherano DF, MF 12 0 0
60%
28 Jens Lehmann GK 36 0 1
60%
67 Jermain Defoe FW 34 10 0
60%
182 Jermaine Jenas MF 25 6 2
60%
183 Jimmy Floyd Hasselbaink FW 25 2 3
60%
79 Joey Barton MF 33 6 4
60%
517 Johann Smith DF, FW 1 0 0
60%
80 John Arne Riise DF, MF 33 1 1
60%
100 John O'Shea DF, MF 32 4 1
60%
151 John Terry DF 28 1 0
60%
10 Joseph Yobo DF 38 2 0
60%
202 Júlio Baptista MF, FW 24 3 2
60%
128 Kevin Davies FW 30 8 5
60%
518 Kieran Lee DF, MF 1 0 0
60%
46 Leighton Baines DF 35 3 0
60%
429 Lloyd Sam MF 7 0 0
60%
203 Louis Saha FW 24 8 4
60%
117 Lucas Neill DF 31 0 5
60%
139 Luís Boa Morte MF, FW 29 1 3
60%
129 Marcus Bent FW 30 1 2
60%
186 Mark González MF, FW 25 2 0
60%
394 Mark Noble MF 10 2 0
60%
141 Mark Viduka FW 29 14 3
60%
153 Micah Richards DF 28 1 0
60%
175 Michael Ballack MF 26 4 1
60%
70 Michael Brown MF 34 0 0
60%
84 Michael Carrick MF 33 3 3
60%
20 Michael Dawson DF 37 1 1
60%
85 Michael Essien DF, MF 33 2 3
60%
467 Michael Owen FW 3 0 0
60%
341 Mikaël Silvestre DF 14 1 1
60%
304 Milan Baroš FW 17 1 1
60%
31 Morten Gamst Pedersen MF, FW 36 6 6
60%
187 Nemanja Vidić DF 25 3 0
60%
118 Nicky Butt DF, MF 31 1 2
60%
32 Nwankwo Kanu FW 36 10 2
60%
87 Obafemi Martins FW 33 11 3
60%
15 Olof Mellberg DF, MF 38 1 0
60%
51 Pascal Chimbonda DF 35 1 3
60%
206 Paulo Ferreira DF 24 0 0
60%
16 Paul Robinson GK 38 1 1
60%
52 Pepe Reina GK 35 0 0
60%
270 Petr Čech GK 20 0 0
60%
344 Philippe Senderos DF 14 0 0
60%
119 Ricardo Carvalho DF 31 3 1
60%
18 Richard Dunne DF 38 1 0
60%
397 Richard Lee GK 10 0 0
60%
144 Scott Parker MF 29 3 1
60%
166 Shaun Wright-Phillips MF, FW 27 2 4
60%
239 Shay Given GK 22 0 0
60%
145 Simon Davies MF 29 2 3
60%
104 Sol Campbell DF, FW 32 1 2
60%
132 Stiliyan Petrov MF 30 2 1
60%
22 Sylvain Distin DF 37 2 0
60%
105 Tal Ben Haim DF 32 0 0
60%
533 Theo Robinson FW 1 0 0
60%
146 Thomas Sørensen GK 29 0 0
60%
294 Tim Cahill MF, FW 18 5 0
60%
36 Tim Howard GK 36 0 0
60%
179 Tomáš Rosický MF 26 3 1
60%
258 Tom Huddlestone MF 21 1 2
60%
106 Tommy Smith MF, FW 32 1 3
60%
240 Wayne Bridge DF 22 0 4
60%
241 Wes Brown DF 22 0 2
60%
147 Yossi Benayoun MF 29 3 3
60%
272 Aaron Hughes DF 19 0 0
40%
156 Aaron Mokoena DF, MF 27 0 0
40%
91 Abdoulaye Faye DF, MF 32 2 0
40%
332 Abel Xavier DF 14 1 0
40%
477 Alan O'Brien MF 2 0 0
40%
209 Alan Stubbs DF 23 2 0
40%
148 Amdy Faye DF, MF 28 1 0
40%
325 André Bikey DF, MF 15 0 0
40%
58 Andrew Taylor DF, MF 34 0 0
40%
450 Andy Carroll FW 4 0 0
40%
459 Andy O'Brien DF 3 0 0
40%
310 Andy Reid MF 16 2 0
40%
411 Anthony Gardner DF 8 0 0
40%
225 Antonio Valencia DF, MF 22 1 1
40%
74 Ashley Young DF, FW 33 5 6
40%
110 Benjani FW 31 6 3
40%
460 Ben Sahar MF, FW 3 0 0
40%
226 Ben Thatcher DF 22 0 2
40%
93 Bobby Zamora FW 32 11 3
40%
2 Brian McBride FW 38 9 0
40%
194 Bryan Hughes MF 24 1 1
40%
412 Carlo Cudicini GK 8 0 0
40%
122 Carlos Bocanegra DF 30 5 0
40%
227 Charles N'Zogbia DF, FW 22 0 2
40%
336 Christopher Samba DF 14 2 1
40%
348 Craig Gardner MF 13 2 0
40%
298 Craig Moore DF 17 0 0
40%
94 Damien Francis MF 32 4 0
40%
160 Daniel Agger DF 27 2 2
40%
461 Danny Guthrie MF 3 0 0
40%
508 Danny Mills DF 1 0 0
40%
123 Danny Shittu DF 30 1 0
40%
172 Darren Ambrose MF, FW 26 3 1
40%
509 Darren Randolph GK 1 0 0
40%
328 David Unsworth DF 15 1 1
40%
61 Dirk Kuyt DF, MF, FW 34 12 4
40%
246 Djimi Traoré DF 21 0 0
40%
510 Dong Fangzhuo FW 1 0 0
40%
77 El Hadji Diouf MF, FW 33 5 5
40%
39 Emanuel Pogatetz DF 35 2 4
40%
62 Emile Heskey FW 34 8 2
40%
63 Emmerson Boyce DF 34 0 1
40%
511 Eric Djemba-Djemba MF 1 0 0
40%
300 Fábio Aurélio DF, MF 17 0 3
40%
199 Fitz Hall DF, FW 24 0 0
40%
19 Frank Lampard MF 37 11 10
40%
5 Gabriel Agbonlahor MF, FW 38 9 4
40%
229 Gabriel Heinze DF 22 0 0
40%
40 Gareth Barry MF 35 8 4
40%
41 Gary O'Neil MF 35 1 4
40%
42 George Boateng MF 35 1 1
40%
98 Hameur Bouazza MF, FW 32 5 3
40%
125 Hayden Mullins MF 30 2 0
40%
126 Heiðar Helguson FW 30 3 3
40%
215 Henri Camara FW 23 6 1
40%
427 Henrik Larsson FW 7 1 0
40%
112 Hermann Hreiðarsson DF 31 0 2
40%
316 Ishmael Miller FW 16 0 0
40%
66 Iván Campo DF, MF 34 4 4
40%
276 James McFadden MF, FW 19 2 0
40%
487 James Sinclair DF, FW 2 0 0
40%
514 Jan Kromkamp DF 1 0 0
40%
68 Jermaine Pennant MF 34 1 4
40%
232 John Obi Mikel MF 22 0 3
40%
9 Joleon Lescott DF 38 2 1
40%
415 Jonathan Fortune DF 8 0 0
40%
185 Jonathan Spector DF, MF 25 0 0
40%
217 Juan Pablo Ángel FW 23 4 1
40%
11 Jussi Jääskeläinen GK 38 0 0
40%
233 Justin Hoyte DF 22 1 0
40%
114 Keith Gillespie MF, FW 31 2 2
40%
101 Kevin Doyle FW 32 13 1
40%
81 Kevin Kilbane DF, MF 33 1 6
40%
115 Kevin Nolan MF 31 3 0
40%
392 Lassana Diarra MF 10 0 0
40%
393 Lauren DF 10 0 1
40%
250 Ledley King DF, MF 21 0 1
40%
12 Lee Carsley MF 38 1 3
40%
69 Leon Osman MF 34 3 1
40%
82 Leroy Lita FW 33 7 2
40%
252 Liam Ridgewell DF 21 1 1
40%
29 Linvoy Primus DF 36 2 0
40%
303 Luis García MF 17 3 4
40%
352 Luke Moore FW 13 4 0
40%
140 Luke Young DF 29 1 0
40%
521 Mark Hughes DF 1 0 0
40%
30 Mark Schwarzer GK 36 0 0
40%
354 Marlon King FW 13 4 1
40%
522 Mart Poom GK 1 0 0
40%
268 Mathieu Flamini MF 20 3 1
40%
162 Matthew Etherington MF 27 0 1
40%
47 Matthew Taylor DF, MF 35 8 4
40%
83 Matt Holland MF 33 1 2
40%
523 Matt Mills DF 1 0 0
40%
491 Matt Upson DF 2 0 0
40%
372 Mido FW 12 1 0
40%
468 Mike Pollitt GK 3 0 0
40%
318 Mohamed Sissoko MF 16 0 0
40%
142 Moritz Volz DF 29 2 1
40%
86 Nicky Hunt DF 33 0 1
40%
21 Nicky Shorey DF, MF 37 1 5
40%
188 Nicky Weaver GK 25 0 0
40%
50 Nigel Reo-Coker MF 35 1 1
40%
204 Niko Kranjčar MF 24 2 2
40%
218 Noé Pamarot DF 23 2 0
40%
154 Nolberto Solano MF 28 2 4
40%
279 Ole Gunnar Solskjær FW 19 7 0
40%
71 Paddy Kenny GK 34 0 0
40%
219 Papa Bouba Diop DF, MF 23 0 2
40%
343 Park Ji-sung MF 14 5 2
40%
356 Patrik Berger MF 13 2 2
40%
319 Paul Dickov FW 16 0 2
40%
189 Paul Scharner DF, MF 25 3 0
40%
177 Pedro Mendes MF 26 2 3
40%
103 Peter Crouch FW 32 9 6
40%
17 Phil Jagielka DF, MF 38 4 1
40%
439 Quinton Fortune MF 6 0 0
40%
289 Ricardo Gardner DF, MF 18 0 0
40%
290 Richard Hughes MF 18 0 0
40%
143 Robert Hulse FW 29 8 1
40%
373 Robert Huth DF 12 1 0
40%
238 Robin van Persie FW 22 11 3
40%
374 Roy Carroll GK 12 0 0
40%
375 Ryan Nelsen DF 12 0 0
40%
322 Ryan Taylor DF, MF 16 1 1
40%
89 Salomon Kalou MF, FW 33 7 2
40%
33 Scott Carson GK 36 0 0
40%
497 Scott Sinclair MF, FW 2 0 0
40%
532 Shefki Kuqi FW 1 0 0
40%
376 Shola Ameobi FW 12 3 1
40%
192 Steed Malbranque MF 25 2 4
40%
54 Stephen Hunt MF, FW 35 4 5
40%
207 Stephen Ireland MF 24 1 1
40%
474 Steven Reid DF, MF 3 0 0
40%
167 Steven Taylor DF 27 2 0
40%
55 Steve Sidwell MF 35 4 6
40%
72 Stewart Downing MF, FW 34 2 8
40%
440 Stuart Taylor GK 6 0 0
40%
407 Svetoslav Todorov FW 9 2 0
40%
534 Thomas Myhre GK 1 0 0
40%
56 Tomasz Radzinski FW 35 2 3
40%
360 Tony Hibbert DF 13 0 0
40%
295 Trevor Sinclair MF 18 0 0
40%
408 Ulises de la Cruz DF 9 1 1
40%
281 Victor Anichebe FW 19 3 1
40%
193 Wilfred Bouma DF 25 0 1
40%
259 William Gallas DF 21 3 0
40%
224 Zat Knight DF 23 2 0
40%
475 Adam Federici GK 2 0 0
20%
457 Ade Akinbiyi FW 3 0 0
20%
273 Adrian Mariappa DF 19 0 0
20%
458 Ahmed Fathy DF, MF 3 0 0
20%
274 Alan Quinn MF 19 0 1
20%
308 Al Bangura MF 16 0 0
20%
500 Alec Chamberlain GK 1 0 0
20%
400 Álvaro Arbeloa DF 9 1 1
20%
363 Andreas Johansson MF, FW 12 0 1
20%
410 Andy van der Meyde MF, FW 8 0 0
20%
423 Anthony McNamee MF 7 0 0
20%
169 Antoine Sibierski MF, FW 26 3 2
20%
242 Arjan de Zeeuw DF 21 0 0
20%
180 Bernardo Corradi FW 25 3 2
20%
502 Björn Runström FW 1 0 0
20%
402 Bobby Convey MF, FW 9 0 3
20%
59 Brett Emerton DF, MF 34 0 3
20%
212 Brynjar Gunnarsson MF 23 3 0
20%
364 Celestine Babayaro DF, MF 12 0 0
20%
157 Chris Armstrong DF, MF 27 0 0
20%
479 Chris Eagles MF 2 1 0
20%
413 Chris Lucketti DF 8 0 0
20%
195 Chris Morgan DF 24 1 1
20%
326 Chris Powell DF 15 0 0
20%
434 Chris Riggott DF 6 0 0
20%
181 Christian Nadé FW 25 3 1
20%
452 Clarke Carlisle DF 4 0 0
20%
327 Claudio Reyna MF 15 0 0
20%
365 Claus Jensen MF 12 2 3
20%
158 Colin Kazim-Richards MF, FW 27 1 3
20%
506 Daniele Padelli GK 1 0 0
20%
284 Danny Gabbidon DF 18 0 0
20%
507 Danny Graham FW 1 0 0
20%
366 Danny Murphy MF 12 1 1
20%
245 Danny Webber FW 21 3 0
20%
38 Darius Henderson FW 35 3 0
20%
349 Dave Kitson FW 13 2 2
20%
25 David Bentley MF 36 4 8
20%
462 David Edgar DF 3 1 0
20%
443 David Weir DF 5 0 0
20%
482 David Wheater DF 2 1 0
20%
262 Dejan Stefanović DF 20 0 0
20%
149 Dennis Rommedahl MF, FW 28 0 2
20%
173 Derek Geary DF 26 0 3
20%
403 Edgar Davids MF 9 0 1
20%
483 Emiliano Insúa DF 2 0 0
20%
198 Emre Belözoğlu MF 24 2 2
20%
263 Fábio Rochemback DF, MF 20 2 3
20%
390 Francis Jeffers FW 10 0 1
20%
137 Franck Queudrue DF 29 1 3
20%
463 Gabriel Paletta DF 3 0 0
20%
426 Gaizka Mendieta MF 7 0 0
20%
329 Gary Naysmith DF, MF 15 1 0
20%
368 Gary Teale MF 12 0 0
20%
64 Gavin Mahon MF 34 1 0
20%
380 Giuseppe Rossi FW 11 0 0
20%
201 Glen Little MF 24 0 3
20%
512 Gonzalo Sorondo DF 1 0 0
20%
214 Graeme Murty DF 23 0 0
20%
265 Hatem Trabelsi DF 20 1 1
20%
381 Henrique Hilário GK 11 0 0
20%
247 Hossam Ghaly MF 21 1 2
20%
513 Iain Turner GK 1 0 0
20%
231 Ian Pearce DF 22 1 0
20%
216 Ibrahima Sonko DF 23 1 0
20%
315 Idan Tal MF 16 0 3
20%
7 Ívar Ingimarsson DF 38 2 1
20%
78 James Beattie FW 33 2 3
20%
369 James Chambers DF 12 0 0
20%
8 James Harper MF 38 3 2
20%
301 Jason Euell MF, FW 17 0 2
20%
99 Jay DeMerit DF 32 2 0
20%
488 Jerzy Dudek GK 2 0 0
20%
455 Jlloyd Samuel DF, MF 4 0 0
20%
489 Johan Cavalli MF 2 0 0
20%
248 Johan Djourou DF 21 0 0
20%
384 John Carew FW 11 3 2
20%
391 John Filan GK 10 0 0
20%
184 John Oster MF 25 1 2
20%
127 Jonathan Woodgate DF 30 0 1
20%
338 Jon Stead FW 14 5 0
20%
113 Jordan Stewart DF, MF 31 0 1
20%
152 Josip Skoko MF 28 0 1
20%
249 Julio Arca DF, MF 21 2 1
20%
417 Kevin Lisbie FW 8 0 0
20%
351 Khalid Boulahrouz DF 13 0 0
20%
330 Kieran Richardson DF, MF 15 1 0
20%
490 Kristofer Hæstad MF 2 0 0
20%
267 Lee Bowyer MF 20 0 1
20%
116 Lee Cattermole MF 31 1 2
20%
138 Lee McCulloch DF, FW 29 4 5
20%
447 Lee Williamson MF 5 0 1
20%
251 Lee Young-pyo DF 21 0 0
20%
302 Leigh Bromby DF 17 0 0
20%
13 Liam Rosenior DF 38 0 2
20%
253 Lloyd Doyley DF 21 0 0
20%
235 Lomana LuaLua MF, FW 22 2 0
20%
456 Ľubomír Michalík DF 4 1 0
20%
466 Luton Shelton MF, FW 3 0 0
20%
339 Malky Mackay DF 14 0 0
20%
520 Manuel Almunia GK 1 0 0
20%
277 Manuel Fernandes MF 19 2 1
20%
14 Marcus Hahnemann GK 38 0 0
20%
340 Martin Laursen DF 14 0 1
20%
524 Matthew Bates DF 1 0 0
20%
437 Matthew Spring MF 6 0 0
20%
269 Matt Jackson DF 20 1 0
20%
431 Matty Pattison MF 7 0 0
20%
163 Michael Tonge MF 27 2 0
20%
278 Mikele Leigertwood DF, MF 19 0 1
20%
176 Nick Montgomery MF 26 0 4
20%
342 Nuno Valente DF 14 0 0
20%
396 Oguchi Onyewu DF 10 0 0
20%
527 Omar Pouso MF 1 0 0
20%
404 Osei Sankofa DF 9 0 0
20%
355 Ousmane Dabo MF 13 0 0
20%
320 Paul Gallagher MF, FW 16 1 0
20%
386 Paul Huntington DF 11 1 0
20%
470 Paul Ifill MF, FW 3 0 0
20%
438 Paul Stalteri DF, MF 6 1 0
20%
254 Peter Ramage DF 21 0 0
20%
528 Philip Ifil DF 1 0 0
20%
271 Philippe Christanval DF 20 1 0
20%
345 Radostin Kishishev DF, MF 14 0 0
20%
529 Reto Ziegler DF, MF 1 0 0
20%
255 Robbie Savage MF 21 0 1
20%
280 Rob Kozluk DF 19 0 0
20%
472 Sam Sodje DF 3 0 0
20%
165 Seol Ki-hyeon MF, FW 27 4 4
20%
406 Sergio Peter MF 9 0 0
20%
191 Shabani Nonda FW 25 7 2
20%
256 Shane Long FW 21 2 0
20%
420 Shaun Maloney MF, FW 8 1 0
20%
221 Souleymane Diawara DF 23 0 0
20%
222 Stelios Giannakopoulos MF, FW 23 0 0
20%
358 Stephen Jordan DF 13 0 0
20%
331 Stephen Quinn MF, FW 15 2 2
20%
346 Stephen Warnock DF 14 1 2
20%
90 Steve Finnan DF 33 0 4
20%
291 Steve Harper GK 18 0 0
20%
292 Steve Kabba FW 18 0 2
20%
293 Stuart Parnaby DF 18 0 0
20%
359 Sun Jihai DF 13 0 0
20%
35 Talal El Karkouri DF, MF 36 3 1
20%
323 Tamás Priskin FW 16 2 0
20%
257 Teemu Tainio MF 21 2 0
20%
324 Theo Walcott MF, FW 16 0 3
20%
133 Tugay Kerimoğlu MF 30 1 2
20%
208 Wayne Routledge MF, FW 24 0 1
20%
23 Yakubu Aiyegbeni FW 37 12 4
20%
378 Zheng Zhi DF, MF 12 1 0
20%
37 Abdoulaye Méïté DF 35 0 0
0%
476 Adel Taarabt MF, FW 2 0 0
0%
499 Albert Jarrett MF 1 0 0
0%
421 Albert Luque MF, FW 7 0 0
0%
333 Alexandre Song DF, MF 14 0 1
0%
422 Alexey Smertin MF 7 0 1
0%
309 Andranik Teymourian MF 16 2 0
0%
260 André Ooijer DF 20 0 0
0%
401 Andy Todd DF 9 0 0
0%
451 Andy Webster DF 4 0 0
0%
424 Arnold Mvuemba MF, FW 7 1 0
0%
311 Benoît Assou-Ekotto DF 16 0 1
0%
503 Bruno Berner DF, MF 1 0 0
0%
347 Caleb Folan FW 13 2 0
0%
313 Calum Davenport DF 16 1 1
0%
504 Cédric Avinel DF 1 0 0
0%
414 Chris Sutton DF, FW 8 1 2
0%
335 Christian Dailly DF 14 0 0
0%
283 DaMarcus Beasley DF, FW 18 3 1
0%
480 Daniel Sturridge MF, FW 2 0 0
0%
95 Darius Vassell MF, FW 32 3 1
0%
481 David Connolly FW 2 0 0
0%
299 David Cotterill MF, FW 17 1 0
0%
442 David Sommeil DF 5 0 0
0%
261 David Thompson MF 20 0 1
0%
75 Denny Landzaat MF 33 2 1
0%
444 Didier Agathe DF, FW 5 0 0
0%
425 Douglas Rinaldi MF 7 1 1
0%
389 Émile Mpenza FW 10 3 1
0%
445 Gábor Király GK 5 0 0
0%
124 Gavin McCann MF 30 1 1
0%
484 Graham Kavanagh MF 2 0 0
0%
465 Greg Halford DF, FW 3 0 0
0%
486 Ian Bennett GK 2 0 0
0%
382 Isaiah Osbourne MF 11 0 1
0%
337 James Vaughan FW 14 4 0
0%
428 Jan Laštůvka GK 7 0 0
0%
453 Jay McEveley DF 4 0 0
0%
383 Jérémie Aliadière MF, FW 11 0 0
0%
266 Jerome Thomas MF, FW 20 3 2
0%
454 Jimmy Bullard MF 4 2 1
0%
446 John Paintsil DF, MF 5 0 0
0%
435 Julius Aghahowa FW 6 0 0
0%
416 Kepa Blanco FW 8 1 0
0%
234 Kieron Dyer MF 22 5 2
0%
418 Lee Dong-gook FW 8 0 0
0%
519 Lee Hendrie MF 1 0 0
0%
448 Madjid Bougherra DF 5 0 0
0%
353 Malcolm Christie FW 13 1 0
0%
102 Marlon Harewood FW 32 3 1
0%
430 Massimo Maccarone FW 7 1 0
0%
236 Matt Derbyshire FW 22 5 1
0%
525 Matthew Briggs DF 1 0 0
0%
436 Matthew Kilgallon DF 6 0 0
0%
419 Michael Duberry DF 8 0 0
0%
385 Michael Gray DF, MF 11 0 0
0%
492 Moses Ashikodi FW 2 0 0
0%
493 Nabil El Zhar MF, FW 2 0 0
0%
288 Nedum Onuoha DF 18 0 0
0%
469 Nicky Law MF 3 0 0
0%
432 Nigel Quashie MF 7 0 0
0%
494 Nuno Morais DF, MF 2 0 0
0%
526 Ognjen Koroman MF 1 0 0
0%
237 Paul Konchesky DF, FW 22 0 2
0%
496 Pavel Srníček GK 2 0 0
0%
471 Peter Whittingham MF 3 0 1
0%
357 Phil Bardsley DF 13 0 1
0%
405 Ricardo Rocha DF 9 0 0
0%
433 Roudolphe Douala MF, FW 7 0 0
0%
531 Sam Hutchinson DF, MF 1 0 0
0%
473 Shaun Newton MF 3 0 0
0%
377 Stéphane Henchoz DF 12 0 1
0%
305 Teddy Sheringham FW 17 2 0
0%
307 Titus Bramble DF 17 0 0
0%
441 Tomasz Kuszczak GK 6 0 0
0%
449 Tyrone Mears DF 5 0 0
0%
398 Vincenzo Montella FW 10 2 0
0%
409 Will Hoskins FW 9 0 0
0%
296 Zurab Khizanishvili DF 18 0 0
0%
No matching quizzes found
Score Distribution
Percent of People with Each Score
Percentile by Number Answered
Your Score History
You have not taken this quiz